Οικοτουρισμός και τοπική κοινωνία : δημιουργική διαχείρηση προστατευόμενων περιοχών ; μελέτη περίπτωσης τα μικρόσωμα αλογάκια Αρχαγγέλου ; διπλωματική εργασία [μεταπτυχιακή εργασία]

Saved in:
Bibliographic Details
Main Author: Βαρέλη, Χαριστούλα
Corporate Author: Πανεπιστήμιο Αιγαίου Σχολή Ανθρωπιστικών Επιστημών Τμήμα Επιστημών της Προσχολικής Αγωγής και του Εκπαιδευτικού Σχεδιασμού Πρόγραμμα Μεταπτυχιακών Σπουδών Περιβαλλοντική Εκπαίδευση
Other Authors: Ξανθάκου, Γιώτα Π. (dgsf)
Format: Thesis Book
Language:Greek
Published: 2015.
Subjects:
Online Access:http://hdl.handle.net/11610/15889
Tags: Add Tag
No Tags, Be the first to tag this record!

MARC

LEADER 00000cam a2200000 a 4500
001 1/109718
008 160122s2015####gr | ||| |||| ||gre||
040 |a GR-MyUa  |b gre  |c GR-MyUa  |e AACR2 
041 0 |a gre 
082 7 |a 338.4   |2 (23) 
100 1 |a Βαρέλη, Χαριστούλα. 
245 1 0 |a Οικοτουρισμός και τοπική κοινωνία :   |b δημιουργική διαχείρηση προστατευόμενων περιοχών ; μελέτη περίπτωσης τα μικρόσωμα αλογάκια Αρχαγγέλου ; διπλωματική εργασία [μεταπτυχιακή εργασία] /   |c Βαρέλη Χαριστούλα ; επιβλέπουσα καθηγήτρια Ξανθάκου Ποτίτσα.  
260 |c 2015.  
300 |a 155 σ. :   |b πίν. ;   |c 30 εκ.  
502 |a Διατριβή (μεταπτυχιακή) – Πανεπιστήμιο Αιγαίου, Ρόδος, 2015. 
504 |a Βιβλιογραφία: σ. 124-131.  
506 1 |a Διάθεση μόνο λέξεων κλειδιών-περιλήψεων.  
650 0 |a Ecotourism  |z Greece  |z Rhodes (Island) 
650 0 |a Environmental policy  |z Greece  |z Rhodes (Island) 
650 0 |a Local government  |z Greece  |z Rhodes (Island) 
650 0 |a Human ecology. 
650 0 |a Agritourism  |z Greece  |z Rhodes (Island) 
650 0 |a Protected areas  |x Public use. 
700 1 |a Ξανθάκου, Γιώτα Π.  |e dgsf 
710 2 |a Πανεπιστήμιο Αιγαίου  |b Σχολή Ανθρωπιστικών Επιστημών  |b Τμήμα Επιστημών της Προσχολικής Αγωγής και του Εκπαιδευτικού Σχεδιασμού  |b Πρόγραμμα Μεταπτυχιακών Σπουδών Περιβαλλοντική Εκπαίδευση. 
852 |a INST  |b RHODES  |c DIATR  |e 20160122  |h 338.4 ΒΑΡ  |p 005400038216  |q 005400038216  |t MTXE  |y 23 
856 |u http://hdl.handle.net/11610/15889 
924 |a Βαρέλη   |b Χαριστούλα   |y Ρόδος  |z 2015-11  
970 |z 22-01-2016